| 000 | 01264nam0a22002771 4500 | ||
|---|---|---|---|
| 001 | rc\914270 | ||
| 005 | 20260407105136.0 | ||
| 035 | _a(NLR Aleph) 006088696 | ||
| 090 |
_a5142944 _c5142944 |
||
| 100 | _a20041129d1982 |||y0rusy50 ca | ||
| 101 | 0 |
_arus _aeng |
|
| 102 | _aRU | ||
| 105 | _ay ||||||||| | ||
| 200 | 1 |
_aАнглийский частотный словарь по кибернетике _f[Сост. Р.В. Адамов, Л.Н. Александрова, В.М. Андрюшенко и др. _gПредисл. М.М. Глушко, Л.Н. Александровой] _gПод ред. М.М. Глушко |
|
| 210 |
_aМ. _cИзд-во МГУ _d1982 |
||
| 215 |
_a102 с. _d21 |
||
| 300 | _aСост. указаны на обороте тит. л. | ||
| 300 | _aВ надзаг.: МГУ им. М.В. Ломоносова, Мех.-мат. фак., Каф. англ. яз. | ||
| 702 | 1 |
_aАдамов _bР.В. _4220 |
|
| 702 | 1 |
_aГлушко _bМ.М. _gМагда Максовна _4340 |
|
| 712 | 0 | 2 |
_aМГУ им. М. В. Ломоносова _bМеханико-математический факультет _3RU\NLR\AUTH\889936542 _9367890 |
| 801 | 0 |
_aRU _bNLR _gpsbo |
|
| 801 | 1 |
_aRU _bELAR _2rusmarc |
|
| 852 |
_aNLR _j83-5/1939 |
||
| 942 | _cBOOK | ||
| 980 | _aNB | ||